|
|
|
|
| LEADER |
01231nam a2200325 a 4500 |
| 001 |
000090292 |
| 003 |
CZ BrMZK |
| 005 |
19960815143423.0 |
| 007 |
ta |
| 008 |
960815s1994 xo f slo d |
| 020 |
|
|
|a 80-223-0793-9
|
| 040 |
|
|
|a BOA001
|b cze
|
| 041 |
1 |
|
|a slo
|a spa
|
| 080 |
|
|
|a 80(038)(075.8)
|2 MRF
|
| 080 |
|
|
|a 801.316.4:80=854=60(075.8)
|2 MRF
|
| 100 |
1 |
|
|a Trup, Ladislav,
|d 1943-
|7 ola2002152537
|4 aut
|
| 245 |
1 |
0 |
|a Slovensko-španielska lingvistická terminológia /
|c Ladislav Trup
|
| 250 |
|
|
|a 1. vyd.
|
| 260 |
|
|
|a Bratislava :
|b Univerzita Komenského,
|c 1994
|
| 300 |
|
|
|a 184 s. ;
|c 29 cm
|
| 490 |
1 |
|
|a Vysokoškolské skriptá
|
| 500 |
|
|
|a Určeno pro posl. pedag. fak. - Bibliogr.
|
| 541 |
|
|
|a Bratislava, Technická knižnica
|
| 653 |
0 |
|
|a jazykověda
|a jazykovědné názvosloví
|a slovensko-španělské slovníky jazykovědné
|
| 830 |
|
0 |
|a Vysokoškolské skriptá
|
| 910 |
|
|
|a BOA001
|b 4-1023.586
|
| 964 |
|
|
|a Jazykověda
|x slovníky slovensko-španělské
|x učebnice
|x školy vysoké
|
| 964 |
|
|
|a Slovníky slovensko-španělské
|x jazykověda
|x učebnice
|x školy vysoké
|
| 990 |
|
|
|a BK
|
| 996 |
6 |
|
|b 2610040485
|c 4-1023.586
|l MZK
|r Sklad / do 1 hodiny
|n 4
|p vým
|w 000090292
|u 000010
|a 1
|e BOA001
|j MZK50
|s P
|